Constitutional Law Hungary /

Elmentve itt :
Bibliográfiai részletek
Szerző: Tribl Norbert
Dokumentumtípus: Cikk
Megjelent: 2017
Sorozat:EUROPEAN REVIEW OF PUBLIC LAW 29 No. 4
mtmt:30448310
Online Access:http://publicatio.bibl.u-szeged.hu/15931
LEADER 00594nab a2200181 i 4500
001 publ15931
005 20190703084609.0
008 190703s2017 hu o 0|| angol d
022 |a 1105-1590 
024 7 |a 30448310  |2 mtmt 
040 |a SZTE Publicatio Repozitórium  |b hun 
041 |a angol 
100 1 |a Tribl Norbert 
245 1 0 |a Constitutional Law  |h [elektronikus dokumentum] :  |b Hungary /  |c  Tribl Norbert 
260 |c 2017 
300 |a 1239-1271 
490 0 |a EUROPEAN REVIEW OF PUBLIC LAW  |v 29 No. 4 
856 4 0 |u http://publicatio.bibl.u-szeged.hu/15931/1/Benyujtottpublikacio_3.pdf  |z Dokumentum-elérés